01148nam a2200277 a 450000100060000000300080000600500170001400800410003103500190007204000380009104100080012908200220013710000270015924501140018626000410030030000260034150000930036750000970046065000370055765000440059465000300063865000370066894200120070599900170071795201360073445920BD-RjUL20211209054102.016 s1968 ii b 001 0 eng  a(BD-RjUL)46038 aDLCcDLCdm.c.dMYGdBD-RjULbeng aeng 223a340bAVE 19681 aAvins, Alfred.914042510aEmployees' misconduct : bas cause for discipline and dismissal in India and the Commonwealth /cAlfred Avins aAllahabad : bLaw Book Co., cc1968. acxxiv, 731 p.c25 cm. aSubmitted to the Faculty of Law, University of Cambridge for the PH. D. degree, in 1965. adistributed exclusively in North and South America by Oceana Publications, Dobbs Ferry, N.Y. 0aLabor disciplinezIndia.9140426 0aEmployeesxDismissal ofzIndia.9140427 0aLabor discipline.9140428 0aEmployeesxDismissal of.9133154 2ddccBK c45920d45920 00102ddc40708NFICaRUCLbRUCLcStackd1972-08-12ePakistan Law Housel0o340 AVE 1968r2016-07-28 00:00:00tC-2w2016-07-28yBK